[Event "Barcelona Sant Marti op-B 24th"]
[Site "Barcelona"]
[Date "2024.07.19"]
[Round "7"]
[White "Gisbert Mir, Alfonso"]
[Black "Flores Ordaz, Jorge De Jesus"]
[Result "1/2-1/2"]
[WhiteElo "1937"]
[BlackElo "1838"]
[PlyCount "125"]
[EventDate "2024.07.13"]
[EventType "swiss"]
[EventRounds "9"]
[EventCountry "ESP"]
[SourceTitle "EXT 2025"]
[Source "ChessBase"]
[SourceDate "2024.10.14"]
[SourceVersion "1"]
[SourceVersionDate "2024.10.14"]
[SourceQuality "1"]

1. e4 e5 2. Nf3 Nc6 3. Bb5 a6 4. Ba4 Nf6 5. 0-0 b5 6. Bb3 Be7 7. Re1 0-0 8. c3 d6 9. h3 Na5 10. Bc2 c5 11. d4 Qc7 12. Nbd2 cxd4 13. cxd4 Nc6 14. d5 Nb4 15. Bb1 a5 16. Nf1 Nd7 17. Ng3 Nb6 18. a3 Na6 19. b3 Bd7 20. Be3 Rfc8 21. Bd3 a4 22. Rc1 Qb7 23. Bxb6 Qxb6 24. b4 Rxc1 25. Qxc1 Rc8 26. Qd2 Qc7 27. Ne2 Qb7 28. Nc3 Nc7 29. Rc1 Na8 30. Na2 Nb6 31. Rxc8+ Qxc8 32. Qc3 Qb7 33. Nd2 Bg5 34. Nf3 Bh6 35. Qc2 g6 36. Kh2 f5 37. Nc3 fxe4 38. Nxe4 Kg7 39. Nxd6 Qxd5 40. Ne4 Nc4 41. g4 Nxa3 42. Qc3 Bf4+ 43. Kg1 Nc4 44. Bc2 Bc6 45. Qe1 a3 46. Qa1 Bd2 47. Qb1 Bf4 48. Qa1 Nd2 49. Nfxd2 Bxd2 50. Qxa3 Qd4 51. Nxd2 Qxd2 52. Qa7+ Kh6 53. Qe3+ Qxe3 54. fxe3 Kg5 55. Kh2 h5 56. gxh5 gxh5 57. Kg3 h4+ 58. Kf2 e4 59. Bd1 Kf5 60. Be2 Ke5 61. Ke1 Kd5 62. Kd2 Bd7 63. Bf1 1/2-1/2

[Event "Barcelona Sant Marti op-B 24th"]
[Site "Barcelona"]
[Date "2024.07.17"]
[Round "5"]
[White "Regam, Jessica"]
[Black "Gisbert Mir, Alfonso"]
[Result "1/2-1/2"]
[WhiteElo "1885"]
[BlackElo "1937"]
[PlyCount "40"]
[EventDate "2024.07.13"]
[EventType "swiss"]
[EventRounds "9"]
[EventCountry "ESP"]
[SourceTitle "EXT 2025"]
[Source "ChessBase"]
[SourceDate "2024.10.14"]
[SourceVersion "1"]
[SourceVersionDate "2024.10.14"]
[SourceQuality "1"]

1. e4 c5 2. Nf3 d6 3. d4 cxd4 4. Nxd4 Nf6 5. Bd3 g6 6. c4 Bg7 7. Nc3 0-0 8. h3 Nc6 9. Be3 Qd7 10. Nde2 b6 11. 0-0 Ne5 12. f4 Nxd3 13. Qxd3 Bb7 14. Rad1 Rfd8 15. b3 Nxe4 16. Nxe4 Qc6 17. Qd5 Qd7 18. Qd3 Qc6 19. Qd5 Qd7 20. Qd3 Qc6 1/2-1/2

[Event "Barcelona Sant Marti op-B 24th"]
[Site "Barcelona"]
[Date "2024.07.15"]
[Round "3"]
[White "Gisbert Mir, Alfonso"]
[Black "Zlotchevsky, Nicole"]
[Result "1/2-1/2"]
[WhiteElo "1937"]
[BlackElo "1845"]
[PlyCount "66"]
[EventDate "2024.07.13"]
[EventType "swiss"]
[EventRounds "9"]
[EventCountry "ESP"]
[SourceTitle "EXT 2025"]
[Source "ChessBase"]
[SourceDate "2024.10.14"]
[SourceVersion "1"]
[SourceVersionDate "2024.10.14"]
[SourceQuality "1"]

1. e4 c5 2. Nf3 e6 3. d4 cxd4 4. Nxd4 a6 5. Nc3 Qc7 6. Bd3 Nf6 7. 0-0 Nc6 8. Nxc6 dxc6 9. Bg5 Be7 10. h3 h6 11. Bh4 e5 12. Bg3 0-0 13. Kh1 Nd7 14. f4 exf4 15. Bxf4 Ne5 16. Qh5 Bd6 17. Rad1 Re8 18. Rd2 Be6 19. Be2 Nc4 20. Bxc4 Bxf4 21. Bxe6 Rxe6 22. Rdf2 Rf6 23. Qg4 h5 24. Qxh5 Be5 25. Rxf6 Bxf6 26. Qf3 Rd8 27. Rd1 Qe5 28. Qf5 Rxd1+ 29. Nxd1 Qg3 30. Qc8+ Kh7 31. Qf5+ Kg8 32. Qc8+ Kh7 33. Qf5+ Kg8 1/2-1/2

[Event "Barcelona Tres Peons"]
[Site "Barcelona"]
[Date "2021.10.11"]
[Round "4"]
[White "Gisbert Mir, Alfonso"]
[Black "Perez Pastora, Evaristo"]
[Result "1/2-1/2"]
[WhiteElo "1929"]
[BlackElo "2104"]
[PlyCount "64"]
[EventDate "2021.09.20"]
[EventType "tourn"]
[EventRounds "9"]
[EventCountry "ESP"]
[SourceTitle "EXT 2023"]
[Source "ChessBase"]
[SourceDate "2022.10.05"]
[SourceVersion "1"]
[SourceVersionDate "2022.10.05"]
[SourceQuality "1"]

1. e4 c5 2. Nf3 d6 3. d4 cxd4 4. Qxd4 Bd7 5. c4 Nc6 6. Qd1 Nf6 7. Nc3 g6 8. Be2 Bg7 9. 0-0 0-0 10. h3 Rc8 11. Be3 Na5 12. Nd2 Be6 13. b3 a6 14. Rc1 Nd7 15. Ndb1 Nc6 16. Qd2 Nc5 17. Kh1 f5 18. f3 fxe4 19. Nxe4 Nxe4 20. fxe4 Qd7 21. Bh6 Ne5 22. Bxg7 Kxg7 23. Qe3 Qc7 24. Nc3 Rxf1+ 25. Rxf1 Qa5 26. Rc1 h6 27. Kg1 Qc5 28. Qxc5 Rxc5 29. Kf2 g5 30. Nd5 Bxd5 31. exd5 a5 32. Ke3 b5 1/2-1/2

[Event "Barcelona Tres Peons"]
[Site "Barcelona"]
[Date "2021.09.27"]
[Round "2"]
[White "Gisbert Mir, Alfonso"]
[Black "Prats Rodriguez, Juan Bosco"]
[Result "1/2-1/2"]
[WhiteElo "1929"]
[BlackElo "2040"]
[PlyCount "118"]
[EventDate "2021.09.20"]
[EventType "tourn"]
[EventRounds "9"]
[EventCountry "ESP"]
[SourceTitle "EXT 2023"]
[Source "ChessBase"]
[SourceDate "2022.10.05"]
[SourceVersion "1"]
[SourceVersionDate "2022.10.05"]
[SourceQuality "1"]

1. e4 c5 2. Nf3 a6 3. d4 cxd4 4. Nxd4 Nf6 5. Nc3 e5 6. Nb3 Bb4 7. Bd3 0-0 8. 0-0 Bxc3 9. bxc3 d5 10. Bg5 dxe4 11. Bxf6 Qxf6 12. Bxe4 Nc6 13. Qe2 Bf5 14. Rfd1 Bxe4 15. Qxe4 Qe7 16. Rd3 Rad8 17. Rad1 f5 18. Qc4+ Kh8 19. Rxd8 Rxd8 20. Rxd8+ Qxd8 21. Qd3 e4 22. Qxd8+ Nxd8 23. Kf1 Kg8 24. Ke2 Kf7 25. Ke3 Kf6 26. Nd4 Ke5 27. g3 g5 28. f3 f4+ 29. Ke2 e3 30. Kd3 Nf7 31. c4 h5 32. c5 Nd8 33. c3 Kd5 34. gxf4 gxf4 35. h4 Nc6 36. Nf5 Ne5+ 37. Ke2 Kc4 38. Ng7 Kxc3 39. Nxh5 Ng6 40. Nf6 Nxh4 41. Nd5+ Kc4 42. Nxf4 Nf5 43. Ne6 Kd5 44. Nd8 Kxc5 45. Nxb7+ Kd4 46. Na5 Ng3+ 47. Ke1 Kd3 48. Nb3 Kc4 49. Nc1 a5 50. Kd1 a4 51. Kc2 a3 52. Nd3 Nf5 53. Ne5+ Kd5 54. Ng4 Kd4 55. Nxe3 Nxe3+ 56. Kb3 Nd1 57. Kxa3 Nc3 58. f4 Ke4 59. Kb3 Nxa2 1/2-1/2

[Event "Barcelona Amateurs 04"]
[Site "Barcelona"]
[Date "2021.04.07"]
[Round "3"]
[White "Costa Trave, Jaume"]
[Black "Gisbert Mir, Alfonso"]
[Result "0-1"]
[WhiteElo "1685"]
[BlackElo "1916"]
[PlyCount "59"]
[EventDate "2021.04.05"]
[EventType "tourn"]
[EventRounds "9"]
[EventCountry "ESP"]
[SourceTitle "EXT 2022"]
[Source "ChessBase"]
[SourceDate "2021.10.06"]
[SourceVersion "1"]
[SourceVersionDate "2021.10.06"]
[SourceQuality "1"]

1. e4 c5 2. d4 cxd4 3. c3 d3 4. Bxd3 d6 5. Bc4 Nc6 6. Nf3 e6 7. b4 g6 8. Bb2 Be7 9. 0-0 Nf6 10. Re1 0-0 11. Nbd2 b6 12. Bb3 Bb7 13. Ng5 h6 14. Nh3 Ne5 15. Bc2 Rc8 16. f4 Nc4 17. Nxc4 Rxc4 18. Nf2 b5 19. Qd3 Qb6 20. Kf1 Rd8 21. Bb3 Rcc8 22. a4 d5 23. e5 Ne4 24. Qd4 Qxd4 25. cxd4 Nd2+ 26. Kg1 Nxb3 27. Ra3 Bxb4 28. Rxb3 Bxe1 29. Nd3 Bh4 30. axb5 0-1

[Event "Barcelona Amateurs"]
[Site "Barcelona"]
[Date "2019.11.13"]
[Round "8.3"]
[White "Jose Iraeta, Alexandre"]
[Black "Gisbert Mir, Alfonso"]
[Result "1/2-1/2"]
[WhiteElo "1959"]
[BlackElo "1915"]
[PlyCount "61"]
[EventDate "2019.09.25"]
[EventType "swiss"]
[EventRounds "9"]
[EventCountry "ESP"]
[SourceTitle "EXT 2024"]
[Source "ChessBase"]
[SourceDate "2023.10.10"]
[SourceVersion "1"]
[SourceVersionDate "2023.10.10"]
[SourceQuality "1"]

1. d4 d5 2. Nf3 Nf6 3. c4 e6 4. g3 Be7 5. Bg2 0-0 6. 0-0 c6 7. Qc2 Nbd7 8. Nbd2 h6 9. e4 dxe4 10. Nxe4 Nxe4 11. Qxe4 Nf6 12. Qe2 Qc7 13. Ne5 Rd8 14. Rd1 Nd7 15. Bf4 Nxe5 16. Bxe5 Bd6 17. c5 Bxe5 18. dxe5 Rxd1+ 19. Rxd1 Bd7 20. Qd2 Be8 21. Qd6 Rc8 22. Qxc7 Rxc7 23. f4 Kf8 24. Kf2 Ke7 25. Rd6 Bd7 26. Ke3 Be8 27. b4 Bd7 28. Kd4 Be8 29. Be4 Bd7 30. a4 a6 31. Bd3 1/2-1/2

[Event "Badalona Castella op-B 45th"]
[Site "Badalona"]
[Date "2019.08.09"]
[Round "8.8"]
[White "Gisbert Mir, Alfonso"]
[Black "Ritter Aguilar, Jordi"]
[Result "1/2-1/2"]
[WhiteElo "1936"]
[BlackElo "1819"]
[PlyCount "31"]
[EventDate "2019.08.02"]
[EventType "swiss"]
[EventRounds "9"]
[EventCountry "ESP"]
[SourceTitle "EXT 2024"]
[Source "ChessBase"]
[SourceDate "2023.10.10"]
[SourceVersion "1"]
[SourceVersionDate "2023.10.10"]
[SourceQuality "1"]

1. e4 e5 2. Nf3 Nc6 3. d4 exd4 4. Nxd4 Be7 5. Nc3 d6 6. Be2 Nf6 7. 0-0 Bd7 8. Be3 0-0 9. Kh1 Nxd4 10. Bxd4 Bc6 11. Bd3 Re8 12. Nd5 Bxd5 13. exd5 g6 14. c4 Nd7 15. f4 Bf6 16. Bg1 1/2-1/2

[Event "Barcelona Barri Gotic op 7th"]
[Site "Barcelona"]
[Date "2019.03.26"]
[Round "7.3"]
[White "Bernat, Ernest"]
[Black "Gisbert Mir, Alfonso"]
[Result "1/2-1/2"]
[WhiteElo "1880"]
[BlackElo "1950"]
[PlyCount "22"]
[EventDate "2019.02.12"]
[EventType "swiss"]
[EventRounds "9"]
[EventCountry "ESP"]
[SourceTitle "EXT 2024"]
[Source "ChessBase"]
[SourceDate "2023.10.10"]
[SourceVersion "1"]
[SourceVersionDate "2023.10.10"]
[SourceQuality "1"]

1. e4 c6 2. d4 d5 3. Nc3 dxe4 4. Nxe4 Nd7 5. Nf3 Ngf6 6. Bd3 e6 7. 0-0 Be7 8. Qe2 0-0 9. Rd1 Re8 10. c4 Nf8 11. h3 h6 1/2-1/2

[Event "Barcelona Barri Gotic op 7th"]
[Site "Barcelona"]
[Date "2019.03.19"]
[Round "6.5"]
[White "Gisbert Mir, Alfonso"]
[Black "Fernandez Lopez, Mario"]
[Result "1-0"]
[WhiteElo "1950"]
[BlackElo "1715"]
[PlyCount "49"]
[EventDate "2019.02.12"]
[EventType "swiss"]
[EventRounds "9"]
[EventCountry "ESP"]
[SourceTitle "EXT 2024"]
[Source "ChessBase"]
[SourceDate "2023.10.10"]
[SourceVersion "1"]
[SourceVersionDate "2023.10.10"]
[SourceQuality "1"]

1. e4 b6 2. d4 Bb7 3. Nc3 e6 4. Nf3 Bb4 5. Bd3 Nf6 6. e5 Ne4 7. Bd2 Nxd2 8. Qxd2 c5 9. dxc5 Bxc5 10. Ne4 Ba6 11. 0-0 0-0 12. c4 Bb7 13. Nf6+ gxf6 14. Qh6 f5 15. Ng5 Qxg5 16. Qxg5+ Kh8 17. Qf6+ Kg8 18. Be2 Nc6 19. Bf3 Be7 20. Qh6 Kh8 21. Rad1 Rad8 22. b4 Bxb4 23. Bxc6 Bxc6 24. Qf6+ Kg8 25. Rd3 1-0

[Event "Barcelona Barri Gotic op 7th"]
[Site "Barcelona"]
[Date "2019.02.19"]
[Round "2.2"]
[White "Flores Linan, Josep Luis"]
[Black "Gisbert Mir, Alfonso"]
[Result "1-0"]
[WhiteElo "1778"]
[BlackElo "1950"]
[PlyCount "113"]
[EventDate "2019.02.12"]
[EventType "swiss"]
[EventRounds "9"]
[EventCountry "ESP"]
[SourceTitle "EXT 2024"]
[Source "ChessBase"]
[SourceDate "2023.10.10"]
[SourceVersion "1"]
[SourceVersionDate "2023.10.10"]
[SourceQuality "1"]

1. d4 Nf6 2. Nf3 g6 3. Bf4 Bg7 4. e3 0-0 5. c4 d6 6. Bd3 Nbd7 7. 0-0 Re8 8. d5 Nh5 9. Qc2 Nc5 10. Nc3 Nxf4 11. exf4 e5 12. fxe5 dxe5 13. Rfe1 f5 14. Bf1 e4 15. Nd2 Qg5 16. b4 Na6 17. Rab1 Bh6 18. Re3 Qe7 19. Rh3 Bxd2 20. Qxd2 f4 21. d6 cxd6 22. Nd5 Qg5 23. Rc3 e3 24. fxe3 fxe3 25. Rxe3 Rxe3 26. Qxe3 Qxe3+ 27. Nxe3 Be6 28. a3 Nc7 29. Rd1 Rd8 30. g3 b6 31. Nc2 d5 32. c5 bxc5 33. bxc5 Bd7 34. Nd4 Ne6 35. Nxe6 Bxe6 36. Bg2 Kf8 37. Kf2 Ke7 38. Ke3 Kd7 39. Bxd5 Kc7 40. Bf3 Rb8 41. Rd6 Bd7 42. Ra6 Rb3+ 43. Kf4 Rc3 44. Rxa7+ Kd8 45. c6 Bxc6 46. Bxc6 Rxc6 47. Rxh7 Ra6 48. Kg5 Rxa3 49. Kxg6 Ra6+ 50. Kh5 Ra5+ 51. Kh4 Ra4+ 52. g4 Ke8 53. Kh5 Ra3 54. h4 Kf8 55. g5 Kg8 56. Rb7 Ra5 57. Kh6 1-0

[Event "Maresme op 9th"]
[Site "Maresme"]
[Date "2012.12.01"]
[Round "9"]
[White "Gisbert Mir, Alfonso"]
[Black "Rosa Pernio, Mario"]
[Result "1/2-1/2"]
[WhiteElo "2075"]
[BlackElo "2071"]
[PlyCount "72"]
[EventDate "2012.09.29"]
[EventType "swiss"]
[EventRounds "9"]
[EventCountry "ESP"]
[SourceTitle "EXT 2014"]
[Source "ChessBase"]
[SourceDate "2013.11.20"]
[SourceVersion "1"]
[SourceVersionDate "2013.11.20"]
[SourceQuality "1"]

1. d4 Nf6 2. c4 e6 3. Nc3 Bb4 4. e3 c5 5. a3 Bxc3+ 6. bxc3 0-0 7. Bd3 b6 8. Ne2 d6 9. d5 Qe7 10. e4 e5 11. Ng3 Bg4 12. f3 Bd7 13. 0-0 Na6 14. Be3 Nc7 15. a4 h6 16. Qd2 Kh7 17. f4 Ng4 18. Nf5 Bxf5 19. exf5 e4 20. Bc2 Ne8 21. Rae1 Nef6 22. h3 Nxe3 23. Rxe3 Rae8 24. g4 Rh8 25. g5 hxg5 26. fxg5 Nd7 27. Rxe4 Qxe4 28. Bxe4 Rxe4 29. g6+ Kg8 30. Re1 Rxe1+ 31. Qxe1 Ne5 32. gxf7+ Kxf7 33. Kg2 Rh5 34. Qe4 Kf6 35. Kg3 Rg5+ 36. Kf2 Rxf5+ 1/2-1/2

[Event "Maresme op 9th"]
[Site "Maresme"]
[Date "2012.11.17"]
[Round "8"]
[White "Olive Alier, Tomas"]
[Black "Gisbert Mir, Alfonso"]
[Result "1/2-1/2"]
[WhiteElo "1900"]
[BlackElo "2075"]
[PlyCount "86"]
[EventDate "2012.09.29"]
[EventType "swiss"]
[EventRounds "9"]
[EventCountry "ESP"]
[SourceTitle "EXT 2014"]
[Source "ChessBase"]
[SourceDate "2013.11.20"]
[SourceVersion "1"]
[SourceVersionDate "2013.11.20"]
[SourceQuality "1"]

1. d4 Nf6 2. c4 g6 3. Nc3 Bg7 4. e4 d6 5. Bd3 0-0 6. Bg5 c5 7. d5 e6 8. Nge2 exd5 9. exd5 Re8 10. 0-0 a6 11. Qd2 Qc7 12. Ng3 Nbd7 13. Rfe1 b6 14. Rxe8+ Nxe8 15. Re1 Ndf6 16. Qf4 Bb7 17. Nce4 Nxe4 18. Rxe4 Be5 19. Qd2 f5 20. Re2 Ng7 21. Kh1 Rf8 22. f4 Bf6 23. Bh6 Bc8 24. Qe1 Qf7 25. b3 Bh4 26. Qc3 Bf6 27. Qe1 Bd7 28. Nf1 Re8 29. Qf2 Bd4 30. Qh4 Nh5 31. Bg5 Nf6 32. Qe1 Ng4 33. Bh4 Kg7 34. h3 Nf6 35. Nh2 Nh5 36. Qf1 Bf6 37. Be1 Kg8 38. g4 fxg4 39. hxg4 Ng7 40. Bd2 Rxe2 41. Qxe2 Qe7 42. Qxe7 Bxe7 43. Kg2 Kf7 1/2-1/2

[Event "Maresme op 9th"]
[Site "Maresme"]
[Date "2012.10.13"]
[Round "3"]
[White "Florit Ballester, Enric"]
[Black "Gisbert Mir, Alfonso"]
[Result "1/2-1/2"]
[WhiteElo "1863"]
[BlackElo "2075"]
[PlyCount "100"]
[EventDate "2012.09.29"]
[EventType "swiss"]
[EventRounds "9"]
[EventCountry "ESP"]
[SourceTitle "EXT 2014"]
[Source "ChessBase"]
[SourceDate "2013.11.20"]
[SourceVersion "1"]
[SourceVersionDate "2013.11.20"]
[SourceQuality "1"]

1. e4 c5 2. Nc3 Nc6 3. f4 d6 4. Nf3 Nf6 5. Bb5 a6 6. Bxc6+ bxc6 7. d3 g6 8. 0-0 Bg7 9. Rb1 0-0 10. Qe2 Qb6 11. Kh1 Ng4 12. Nd1 f5 13. Nf2 Nxf2+ 14. Qxf2 fxe4 15. dxe4 Rb8 16. b3 Bg4 17. Qg3 Bxf3 18. Rxf3 Kh8 19. Bb2 Bxb2 20. Rxb2 c4 21. Qf2 Qxf2 22. Rxf2 c3 23. Rb1 Rb4 24. Re1 Rd4 25. g3 e5 26. Kg2 exf4 27. gxf4 Rd2 28. Rxd2 cxd2 29. Rd1 Rxf4 30. Rxd2 Rxe4 31. c4 Re6 32. Kf3 Kg7 33. Kf4 h6 34. h4 Kf6 35. Kf3 Ke7 36. Kf4 Re5 37. Rg2 Rf5+ 38. Kg4 Ke6 39. Re2+ Re5 40. Rf2 Re4+ 41. Kg3 h5 42. Rf8 Re5 43. Rf2 d5 44. cxd5+ Rxd5 45. Re2+ Re5 46. Rd2 Re4 47. Rd8 a5 48. Re8+ Kf5 49. Rf8+ Ke6 50. Re8+ Kf5 1/2-1/2

[Event "Barcelona Ideal Clave op 13th"]
[Site "Barcelona"]
[Date "2007.11.03"]
[Round "5.3"]
[White "Angli Marti, Jordi"]
[Black "Gisbert Mir, Alfonso"]
[Result "1/2-1/2"]
[WhiteElo "2142"]
[BlackElo "2006"]
[PlyCount "58"]
[EventDate "2007.09.29"]
[EventType "swiss"]
[EventRounds "8"]
[EventCountry "ESP"]
[SourceTitle "EXT 2024"]
[Source "ChessBase"]
[SourceDate "2023.10.10"]
[SourceVersion "1"]
[SourceVersionDate "2023.10.10"]
[SourceQuality "1"]

1. d4 d5 2. c4 c6 3. Nf3 Nf6 4. Nc3 dxc4 5. a4 Bf5 6. e3 e6 7. Bxc4 Bb4 8. 0-0 0-0 9. Ne5 Nbd7 10. Nd3 Be7 11. f3 Bxd3 12. Qxd3 c5 13. Kh1 cxd4 14. exd4 Nb6 15. Bb3 Nbd5 16. Bg5 Nb4 17. Qd2 Nfd5 18. Bxe7 Nxe7 19. Rfe1 Ned5 20. Nxd5 Nxd5 21. Re5 Nf6 22. d5 Qb6 23. Qe3 Qxe3 24. Rxe3 Nxd5 25. Bxd5 exd5 26. Rd3 Rad8 27. Rad1 Rfe8 28. Kg1 Re5 29. f4 Re4 1/2-1/2